Mastering Microsoft Visual Basic 2005

Uloženo v:
Podrobná bibliografie
Hlavní autor:  Petroutsos, Evangelos
Médium: Sách
Jazyk:Undetermined
Vydáno:  Wiley Pub  2006
Témata:
Tagy: Přidat tag
Žádné tagy, Buďte první, kdo otaguje tento záznam!
Thư viện lưu trữ: Trung tâm Thư viện - Trường Đại học Công nghiệp TP. Hồ Chí Minh
LEADER 00487nam a2200145Ia 4500
001 UIH_07418
008 231011s9999 xx 000 0 und d
100 |a  Petroutsos, Evangelos 
245 0 |a  Mastering Microsoft Visual Basic 2005 
245 0 |c  Petroutsos, Evangelos 
260 |b  Wiley Pub 
260 |c  2006 
650 |a  Ngôn ngữ lập trình máy tính;  
927 |a Sách 
980 |a Trung tâm Thư viện - Trường Đại học Công nghiệp TP. Hồ Chí Minh